000 00686nam a22002297a 4500
003 OSt
005 20230928080435.0
008 221006b |||||||| |||| 00| 0 eng d
020 _a84 8026 140 4
040 _cBiblioteca Lado V
082 _a701.1
_bK69c
100 _91106
_aKnight, John
_eautor
245 _aCampagne/
260 _bHes & Markadieu
_c1996
_aBrucelas
300 _c20x23cm
_a45p.
366 _espa
505 _tPresentación
650 _2Tesauro de Arte & Arquitectura
_aARTE
_9703
650 _2Tesauro de Arte & Arquitectura
_aTEORÍA
_9702
650 _2Tesauro de Arte & Arquitectura
_aANÁLISIS
_9702
942 _2ddc
_c1
_h701.1
_iK69c
_n0
999 _c4396
_d4396